000 00753nam a2200217Ii 4500
003 JO-AjNU
005 20240713101430.0
008 230605s9999||||xx |||||||||||||| ||und||
040 _aJO-AjNU
_bara
_erda
_cJO-AjNU
041 _aara
050 1 4 _aHN17.5 S25 1982
100 3 _aاعداد : محمد، سميرة كامل,
_eauthor
_952695
245 0 0 _aمحاضرات في التخطيط الاجتماعي ج2: السياسة الاجتماعية
264 3 1 _aالاسكندرية: المكتب الجامعي الحديث، 1982
300 _aج2، 230ص
336 _atext
_btxt
_2rdacontent
337 _aunmediated
_bn
_2rdamedia
338 _avolume
_bnc
_2rdacarrier
650 4 _a التخطيط الاجتماعي
_952696
942 _2lcc
_cBK
999 _c26926
_d26926